000 00784nab a2200241u 4500
001 23261
003 HDC
007 c| |||a|c|aaaa
008 210316b20170302my ||||| |||| 00| 0 may d
040 _aHDC
100 _aNor Azma Laila /
_eAuthor
_919053
245 0 _aProgram penyelidikan produk halal /
_cNor Azma Laila
336 _atext
_2rdacontent
337 _acomputer
_2rdamedia
338 _aonline resource
_2rdacarrier
650 _aHalal Development Corp (HDC)
_915403
650 _ahalal products
_9642
710 _aBERITA HARIAN
856 _zRequest full-text at [email protected]
942 _2lcc
942 _cNEWS
942 _kNWSC 005118
999 _c20577
_d20577